000 00590nam a2200229Ia 4500
003 OSt
005 20221005131127.0
006 a|||||r|||| 00| 0
007 ta
008 221004b |||||||| |||| 00| 0 eng d
024 _a109754
037 _cTextual
040 _aCRL
_cCRL
_beng
041 _2eng
_aeng
082 _aO168,1M18:g, Q1
100 _aJaisi Farooq
_9179257
245 0 _aShah Ali Hasan Jaisi
_b Fan aur shaksiyat
260 _c2011
650 _aURDU POETRY
942 _hO168,1M18:g, Q1
_cTEXL
_2cc
999 _c1059415
_d1059415